Normal view MARC view

Entry Uniform Title

Number of records used in: 1

001 - CONTROL NUMBER

  • control field: 903

003 - CONTROL NUMBER IDENTIFIER

  • control field: csc

005 - DATE AND TIME OF LATEST TRANSACTION

  • control field: 20140507162053.0

008 - FIXED-LENGTH DATA ELEMENTS

  • fixed length control field: 130215|| aca||aabn | a|a d

040 ## - CATALOGING SOURCE

  • Original cataloging agency: csc
  • Transcribing agency: csc

130 ## - HEADING--UNIFORM TITLE

  • Uniform title: Doctor Who (Television program : 1963-1989)

670 ## - SOURCE DATA FOUND

  • Source citation: Work cat.: (csc)0: Leach, Jim. 1252, Doctor Who /, c2009.